Finanční investice a krátkodobý finanční majetek. Reforma účetní soustavy. 7.

Novou kategóriou majetku, s ktorou uvažuje nová sústava účtovníctva pre podnikateľov od r. 1993, sú finančné investície. Vedľa nich existuje aj krátkodobý finančný majetok. Formy a klasifikácia finančných investícií. Účtovanie finančných investícií. Obsah pojmu krátkodobý finančný majetok. Rozdiel m...

Celý popis

Uložené v:
Podrobná bibliografia
Hlavný autor: Havel, F.
Médium: Kapitola
Jazyk:Czech
Predmet:
Tagy: Pridať tag
Žiadne tagy, Buďte prvý, kto otaguje tento záznam!

MARC

LEADER 00000naa a2200000 4500
001 r011223
005 20220831083632.5
041 0 |a cze 
044 |a [CS] 
245 1 0 |a Finanční investice a krátkodobý finanční majetek.  |b Reforma účetní soustavy. 7.  |c F. Havel 
520 |a Novou kategóriou majetku, s ktorou uvažuje nová sústava účtovníctva pre podnikateľov od r. 1993, sú finančné investície. Vedľa nich existuje aj krátkodobý finančný majetok. Formy a klasifikácia finančných investícií. Účtovanie finančných investícií. Obsah pojmu krátkodobý finančný majetok. Rozdiel medzi finančnými investíciami a krátkodobým finančným majetkom. 
610 2 0 |a účtovníctvo 
610 2 0 |a ČSFR 
610 2 0 |a investície 
610 2 0 |a majetok finančný 
610 2 0 |a pojmy 
100 1 |a Havel, F.